Normal view
MARC view
Entry Topical Term
001 - CONTROL NUMBER
- control field: 7331
003 - CONTROL NUMBER IDENTIFIER
- control field: ARRUPE
005 - DATE AND TIME OF LATEST TRANSACTION
- control field: 20140130132559.0
008 - FIXED-LENGTH DATA ELEMENTS
- fixed length control field: 140130|| aca||aabn | a|a d
040 ## - CATALOGING SOURCE
- Original cataloging agency: ARRUPE
- Transcribing agency: ARRUPE
150 ## - HEADING--TOPICAL TERM
- Topical term or geographic name as entry element:
- Topical term following geographic name as entry element: spiritual life-Catholic Church
670 ## - SOURCE DATA FOUND
- Source citation: Work cat.: (ARRUPE)94089: Marcel, Gabriel 7329, The mystery of being